00801nam 22002413 4500001000700000010002200007021001800029090001100047100004100058200011200099205000800211210004900219215003800268225002100306606003800327675002800365700001800393701002400411801001800435830001100453990001100464995008400475202832 a978-972-20-8424-6 aPTb543738/25 a202832 a20260701d u||y0pory50 ba aLilo e Stitch!eSurfar as ondasf[Disney], escrito por Alli Brydongilustrado por Disney Storybook Art Team a1ª aAlfragidecPublicações Dom Quixoted2025 a[28] p.cil. ; encadernadod24 cm aLilo e Stitchh3 947aLiteratura Infantil Americana a821.111(73)-93vPTzpor 9233a[Disney] 917682aBrydonbAlli aPTbBMMNgRPC cIsabel cLIVROS 002052026-07-01932642bBMMNf32353k821.111(73)-93 DIS|AIJo0rLIVROSsOferta